|
|
|
|
| LEADER |
00610cam a2200193ua 4500 |
| 008 |
111122t2009||||||||||| 00 ||eng c |
| 041 |
0 |
|
|a eng
|
| 082 |
|
|
|a 664.07
|b JHA/E
|
| 245 |
1 |
0 |
|a Environmental regulation and food safety /
|
| 260 |
|
|
|a New Delhi:
|b ALP Books,
|c 2009.
|
| 300 |
|
|
|a 248p..
|
| 362 |
1 |
|
|a 2009.
|
| 650 |
|
|
|a Food technology
|
| 650 |
0 |
|
|a Food safety-environmental issues
|
| 650 |
0 |
|
|a Environmental regulation
|
| 700 |
0 |
2 |
|a Jha,, A.N.
|
| 942 |
|
|
|c BK
|
| 999 |
|
|
|c 31353
|d 31353
|
| 952 |
|
|
|0 0
|1 0
|4 0
|6 664_070000000000000_JHA
|7 0
|9 33221
|a KUCL
|b KUCL
|d 2014-05-23
|l 0
|o 664.07 JHA/
|p 27833
|r 2014-05-23
|w 2014-05-23
|y BK
|